Les pays contenant beaucoup de musulmans (entre 80 % et 90 %) - Statistiques

Statistiques générales
  • Ce quiz a été pris 113 fois
  • Le résultat moyen est 4 sur 9
Statistiques - réponses
Hint Réponse % Correct
88,1 % Indonésie
76%
84,7 % Égypte
63%
80,0 % Malaisie
56%
86,4 % Koweït
48%
87,7 % Oman
46%
81,2 % Bahreïn
31%
84,2 % Guinée
17%
88,8 % Kirghizistan
14%
85,0 % Érythrée
12%
Aucun quiz correspondant
Distribution des résultats
% des personnes avec chaque résultat
Percentile par nombre de réponses
Votre historique - résultats
Vous n’avez pas pris ce quiz